| 000 | 01523nam a2200337 c 4500 | ||
|---|---|---|---|
| 003 | BLK | ||
| 005 | 20180422112736.0 | ||
| 008 | 180410b bul|||||r ||||||| ||bul|| | ||
| 010 | _aKNG00153277000 | ||
| 020 |
_a978-619-150-038-3 _bиздат.: Колибри |
||
| 040 | _aBLK | ||
| 041 |
_aBUL _cBUL |
||
| 072 | 7 |
_2bullib _aН83 _xЧужда художествена литература Н |
|
| 080 |
_aЙорданска литература _b821.411.21(569.5) _x-31 _z821.411.21(569.5)-31 |
||
| 100 | 1 |
_aШалев, Меир _eпърви автор _9380162 |
|
| 700 | 1 |
_aШалев, Майер _e* _9380163 |
|
| 700 | 1 |
_aЮлзари, Емилия Матеева _eпрев. от иврит _gЮлзари-Албахари, Емилия Матей _9329471 |
|
| 139 |
_aШалев, Меир _bШ 18 |
||
| 245 | 1 | 0 |
_aИсав _cМеир Шалев; * Майер Шалев; прев. от иврит Емилия Матеева Юлзари. |
| 257 | _aJUD | ||
| 260 |
_аСофия _bКолибри _c2012 _fСофия : Инвестпрес |
||
| 300 |
_a432 с. _c20 см |
||
| 380 | _aX | ||
| 500 | _aОриг. загл. Esau / Meir Shalev. - Пълното име на прев. Емилия Матей Юлзари-Албахари, възприета форма на името Емилия Матеeва Юлзари | ||
| 659 | _aН | ||
| 852 | _aЦб 266403 | ||
| 856 | 4 |
_qpdf _u |
|
| 856 | 4 |
_qpdf _u |
|
| 942 |
_cKNG _n0 |
||
| 944 |
_aCR _c14.11.2013 _kГеновева_Генчева |
||
| 944 |
_aED _c11.09.2017 _kВиолета_Тройчева |
||
| 999 |
_c147069 _d147069 |
||